| 000 | 00863cam a2200277 i 4500 | ||
|---|---|---|---|
| 001 | 882942 | ||
| 003 | OSt | ||
| 005 | 20230704155851.0 | ||
| 008 | 801023s1981 lau b 000 0 eng | ||
| 010 | _a 80026165 | ||
| 020 |
_a0807107956 : _c$15.95 |
||
| 040 |
_aDLC _cDLC _dDLC |
||
| 043 | _an-us--- | ||
| 050 | 0 | 0 |
_aJA84.U5 _bT48 |
| 082 | 0 | 0 |
_a353.03/1 _219 _bGRA |
| 100 | 1 |
_aThompson, Kenneth W., _d1921-2013. |
|
| 245 | 1 | 4 |
_aThe President and the public _cDoris A. Graber |
| 260 |
_aBaton Rouge : _bLouisiana State University Press, _cc1981. |
||
| 300 |
_a219 p. ; _c24 cm. |
||
| 440 | 0 | _aMiller Center series on the American presidency | |
| 504 | _aIncludes bibliographical references. | ||
| 650 | 0 |
_aPolitical science _zUnited States. |
|
| 650 | 0 |
_aPresidents _zUnited States. |
|
| 906 |
_a7 _bcbc _corignew _d1 _eocip _f19 _gy-gencatlg |
||
| 942 |
_2ddc _cBK |
||
| 999 |
_c3923 _d3923 |
||